| 000 | 00377nam a2200133Ia 4500 | ||
|---|---|---|---|
| 008 | 220217s9999||||xx |||||||||||||| ||und|| | ||
| 020 | _a81-224-1303-X | ||
| 082 | _a621.381 5 SIN | ||
| 100 |
_aSingh, B.P _91187 |
||
| 245 | 0 | _aMicro electronic devices & Circuits | |
| 260 |
_aNew age international private, Ltd. _bNew Delhi _c2001 |
||
| 300 | _b195 | ||
| 650 | _aCIRCUITRY | ||
| 999 |
_c169021 _d169021 |
||